Top 10 U.S. States by highest mountain - Statistics

General Stats
  • This quiz has been taken 30 times
  • The average score is 8 of 10
Answer Stats
Highest Point (ft) Answer % Correct
20,310 Alaska
93%
14,438 Colorado
89%
13,141 Nevada
89%
13,529 Utah
89%
14,406 Washington
89%
13,810 Wyoming
85%
14,499 California
74%
13,796 Hawaii
74%
13,162 New Mexico
70%
12,799 Montana
52%
No matching quizzes found
Score Distribution
Percent of People with Each Score
Percentile by Number Answered
Your Score History
You have not taken this quiz